000 00671nam a2200229Ia 4500
003 OSt
005 20250203105956.0
008 210716s1991 xx 000 0 und d
020 _a876927983
040 _cAIMIT LIBRARY
041 _aeng
082 _a006.620288
_24
_bNORP
100 _aNorton, Peter.
_9197112
245 _aInside the IBM PC and PS/2 /
_cBy Peter Norton.
250 _a4th ed.
260 _aNew Delhi :
_bPrentice Hall of India PVT Ltd ,
_c1991.
300 _axvii,398P. ;
_bPB
_c24 cm
650 _aThe PC character set
_9197113
650 _aThe basic story
_9197114
650 _aMore details
_9197115
942 _2ddc
_cBK
_e1st
_k006.620288 NORP
999 _c182456
_d182456